000 00309nam a22001217a 4500
999 _c6055
_d6055
245 _aCompanies Act, 2016 (Act 920): amendment
_cby Republic of Ghana
246 _aAct 920
260 _aAccra
_bAssembly Press
300 _a9p.
440 _aActs of Parliament
650 _aCompanies amendment Act
942 _cREF